[Event "Bundesliga 0001"]
[Site "Germany"]
[Date "2001.03.10"]
[Round "10.7"]
[White "Bacrot, Etienne"]
[Black "Gustafsson, Jan"]
[Result "1-0"]
[WhiteElo "2613"]
[BlackElo "2506"]
[Annotator "Ftacnik,L"]
[PlyCount "81"]
[EventDate "2000.10.14"]
[EventType "team-tourn"]
[EventRounds "15"]
[EventCountry "GER"]
[SourceTitle "CBM 082"]
[Source "ChessBase"]
[SourceDate "2001.05.17"]
[SourceVersion "1"]
[SourceVersionDate "2001.05.17"]
[SourceQuality "1"]
[WhiteTeam "Porz"]
[BlackTeam "Hamburger SK"]
[WhiteTeamCountry "GER"]
[BlackTeamCountry "GER"]

1. d4 Nf6 2. c4 g6 3. Nf3 Bg7 4. g3 d5 5. cxd5 Nxd5 6. Bg2 Nb6 7. Nc3 Nc6 8. e3
O-O 9. O-O Re8 10. d5 Na5 11. Nd4 Bd7 12. e4 c6 13. b3 Rc8 14. Bb2 cxd5 15.
exd5 Nbc4 $1 16. bxc4 Qb6 17. Ne6 $1 {Interesting solution of the unusual
problem, as white is unable to defend all his hanging pieces along a1-h8
diagonal.} (17. Na4 Bxa4 18. Qxa4 Nxc4 19. Bc3 Bxd4 20. Bxd4 Qxd4 21. Rab1 (21.
Bh3 b5 22. Qxb5 Nd6 23. Qe2 Rc7 24. Rac1 Rb7 {1/2-1/2 Li Zunian-Stohl,I/
Beijing/1996/ (39)}) 21... Rb8 22. Rfc1 b5 23. Rxb5 Rxb5 24. Qxb5 Nd6 25. Qe2
a5 {1/2-1/2 Chelushkina,I-Qin Kanying/Manila/1992/ (80)}) (17. Ncb5 Nxc4 18.
Bc3 Bxb5 19. Nxb5 Qxb5 20. Bxg7 Kxg7 21. Qd4+ Kg8 22. Qxa7 Nd6 23. Qd4 Rc2 {
0-1 Straeter,T-Jackelen,T/GER/2001/ (58)}) 17... Nxc4 (17... fxe6 18. Rb1 Nxc4
19. dxe6 Bxe6 20. Na4 Nxb2 21. Nxb6 Nxd1 22. Nxc8 Nc3 23. Nxa7 Nxb1 24. Rxb1
Bxa2 25. Rxb7 $11) (17... Bxe6 $2 18. Na4 $18) 18. Nxg7 Nxb2 19. Qe2 (19. Qc2
Kxg7 20. Rab1 Qa5 21. Qxb2 Rxc3 22. Rfc1 Rec8 $11) 19... Kxg7 20. Rab1 Rxc3 (
20... Qd4 21. Rxb2 Rxc3 22. Rxb7 Bf5 23. Qb2 $14) 21. Rxb2 Qf6 (21... Bg4 22.
Qe5+ (22. Qd2 Qc5 23. Rxb7 Rc2 24. Qf4 Bc8 25. Rb2 e5 26. dxe6 Bxe6 27. Rxc2
Qxc2 28. Qd4+ $14) 22... Qf6 23. Qxf6+ Kxf6 24. Rxb7 Ra3 25. Ra1 g5 26. Rb3 $14
) 22. Rxb7 Bf5 23. Qb2 (23. Qb5 $2 Rec8 24. Qb4 (24. Rxa7 Bd3) 24... Bd3 25.
Re1 Rc2 26. f4 Rxa2 27. Qxe7 Rcc2 28. Qxf6+ Kxf6 29. Bf3 Rd2 $15) 23... a5 24.
h3 Rc2 25. Qxf6+ exf6 (25... Kxf6 26. Ra1 (26. g4 Bd3 27. Ra1 h5 $11) 26...
Rec8 27. a4 Rc1+ 28. Rxc1 Rxc1+ 29. Kh2 Ra1 $11) 26. g4 Bc8 $2 {[%mdl 2048]
Gustafsson later complained, that he did not suspect how poor are the
prospects of the bishop on the natural square c8.} (26... Bd3 $1 27. Ra1 f5 28.
Ra7 fxg4 29. hxg4 Rb8 $13) 27. Ra7 Rxa2 28. Rc1 Rb2 (28... f5 29. g5 (29. Rcc7
fxg4 30. Rxf7+ Kh6 31. Rxh7+ Kg5 $11) 29... h6 30. Rcc7 hxg5 31. Rxf7+ Kg8 32.
d6 Rd2 33. Rg7+ Kh8 34. d7 Re1+ 35. Kh2 Ba6 36. Rxg6 Bb5 37. Bc6 $18) 29. Rcc7
Rf8 30. Bf1 Rb8 (30... Rd2 31. Bc4 h5 32. Ra8 hxg4 33. Rcxc8 Rxc8 34. Rxc8 gxh3
35. Rc5 $16) 31. Bc4 h5 (31... f5 32. g5 h6 33. d6 hxg5 34. d7 $16) 32. d6 $1 {
White is winning in direct attack, apart from f7 his target is the win of the
bishop c8.} hxg4 33. d7 (33. Bxf7 gxh3 34. Be6+ Kh6 35. d7 $18) 33... gxh3 (
33... Bxd7 34. Rxd7 gxh3 35. Bxf7 Kh6 36. Be6 $18) 34. Bxf7 $1 Kh6 (34... Bxd7
35. Rxd7 Rfd8 36. Rxd8 Rxd8 37. Be6+ Kh6 38. Bxh3 $16) 35. Be6 Bxd7 36. Rxd7
Rb1+ 37. Kh2 Rb2 38. Kg3 f5 $2 $138 (38... Rh8 39. Bxh3 $18) 39. Rh7+ Kg5 40.
f4+ Kf6 41. Bd5 1-0

[Event "St Petersburg-ch"]
[Site "St Petersburg"]
[Date "1997.??.??"]
[Round "3"]
[White "Loginov, Valery A"]
[Black "Lukin, Andrei M"]
[Result "1-0"]
[WhiteElo "2555"]
[BlackElo "2480"]
[Annotator "Ftacnik,L"]
[PlyCount "75"]
[EventDate "1997.03.04"]
[EventType "swiss"]
[EventRounds "9"]
[EventCountry "RUS"]
[SourceTitle "CBM 058"]
[Source "ChessBase"]
[SourceDate "1997.06.01"]
[SourceVersion "1"]
[SourceVersionDate "1997.06.01"]
[SourceQuality "1"]

1. Nf3 d5 2. g3 g6 3. c4 Nf6 4. cxd5 Nxd5 5. Bg2 Bg7 6. d4 Nb6 7. O-O Nc6 8. e3
O-O 9. Nc3 Re8 10. d5 Na5 11. Nd4 Bd7 12. b4 Nac4 13. a4 (13. h3 c6 14. dxc6
Bxc6 15. Bxc6 bxc6 16. Rb1 Qc8 17. Qg4 e6 18. h4 c5 19. bxc5 Qxc5 20. Ne4 Qd5
21. Qf3 f5 22. Ng5 Qxf3 23. Ngxf3 e5 {1/2-1/2 Razuvaev,Y-Timoshchenko,G/
URS-chT/1988 (30)}) 13... a5 (13... c6 $2 14. Qb3 $1 cxd5 15. a5 e5 16. Nde2
$16) 14. b5 Qc8 (14... Rb8 15. Ra2 Qc8 16. Re1 e5 17. Nb3 Bg4 18. Qc2 Bf5 19.
e4 Bh3 20. Nd2 Bxg2 21. Kxg2 Nd6 22. Nd1 Qd7 23. Ne3 Rec8 24. Ba3 c6 25. Qc5 {
1-0 Zhidkov,V-Boric,M/Hlohovec op ;EXT 95op 1995}) 15. Re1 Bh3 16. Bh1 Qg4 17.
Nce2 (17. Bf3 Qd7 18. Ne4 Rad8 19. Nc5 Qc8 20. Qb3 c6 21. dxc6 e5 22. Nxb7 exd4
23. Nxd8 Qxd8 24. Rd1 d3 25. Rb1 Ne5 26. Be4 Be6 {1/2-1/2 Zhidkov,V-Stohl,I/
Rimavska Sobota (10)/1990 (48)}) 17... Rad8 18. Qb3 Qc8 (18... Qd7 19. Nf4 Bg4
20. Ra2 Qd6 21. h3 Bc8 (21... Bd7 $5 22. Bg2 Qb4 23. Qd1 $13) 22. Bg2 $6 (22.
Ba3 Nxa3 23. Rxa3 $13) 22... e5 23. dxe6 Bxd4 $2 (23... fxe6 24. Ba3 Nxa3 25.
Rxa3 Kh8 26. Nf3 $15) 24. exd4 Bxe6 25. Nxe6 Rxe6 26. Rxe6 Qxe6 27. Qc3 $1 Qf6
$8 28. Re2 Qxd4 $1 {1/2-1/2 Portisch,L-Kasparov,G/Reykjavik/1988 (46)}) 19. Ra2
e6 20. dxe6 Bxe6 (20... fxe6 21. Rc2 Nd6 22. Bd2 $16) 21. Nxe6 Rxe6 (21... Qxe6
22. Bxb7 $16) 22. Rc2 Ne5 (22... Nd6 23. Rd1 $14) 23. Nd4 $1 Rxd4 (23... Ree8
24. Bd2 $16 {xa5}) 24. exd4 Nf3+ 25. Bxf3 Rxe1+ 26. Kg2 Bxd4 27. Bf4 (27. Bd2
Re8 (27... Ra1 28. Bxa5 $16) 28. Bxa5 Qb8 $14) 27... Be5 (27... Re7 $1 28. Bd6
Qe6 (28... Rd7 29. Bg4 $16) 29. Qxe6 Rxe6 30. Bxc7 Nxa4 31. Bxb7 (31. Bxa5 b6
32. Rc4 bxa5 33. Rxd4 Nb6 $11) 31... Nb6 $13 32. Rd2 $14) 28. Bd2 Ra1 29. Bxa5
Nxa4 30. Qd5 Qe6 (30... b6 $2 31. Qxe5 $18) 31. Qxe6 fxe6 32. Bxc7 (32. Bxb7
Nb6 33. Bc3 Bxc3 34. Rxc3 Ra5 $15) 32... Bxc7 33. Rxc7 b6 34. Ra7 Kh8 (34...
Ra2 $2 35. Bg4 $18) 35. Bg4 h5 36. Bxe6 Re1 (36... Ra3 37. Bf7 $18) 37. Bf7 Nc3
38. Rb7 (38. Rb7 Nxb5 39. Bxg6 Re5 40. Rxb6 $18) 1-0

[Event "RUS-ch 53rd"]
[Site "Samara"]
[Date "2000.06.23"]
[Round "7"]
[White "Galliamova, Alisa"]
[Black "Smikovski, Ivan"]
[Result "1-0"]
[WhiteElo "2515"]
[BlackElo "2492"]
[Annotator "Ftacnik,L"]
[PlyCount "57"]
[EventDate "2000.06.03"]
[EventType "swiss"]
[EventRounds "11"]
[EventCountry "RUS"]
[SourceTitle "CBM 078"]
[Source "ChessBase"]
[SourceDate "2000.10.18"]
[SourceVersion "1"]
[SourceVersionDate "2000.10.18"]
[SourceQuality "1"]

1. Nf3 Nf6 2. g3 g6 3. Bg2 Bg7 4. O-O O-O 5. c4 d5 6. cxd5 Nxd5 7. d4 Nb6 8.
Nc3 Nc6 9. d5 Na5 10. Qc2 c6 11. dxc6 Nxc6 12. Rd1 Bf5 13. e4 Bd7 14. Nd5 $5 (
14. Bf4 Rc8 15. Qe2 Qe8 16. Nd5 Bg4 (16... e5 17. Nxb6 axb6 18. Be3 Bg4 19.
Bxb6 Nb4 20. h3 Bxf3 21. Bxf3 Qe6 22. a3 Qxb6 23. axb4 Qxb4 {1/2-1/2 Bekker
Jensen,D-El Kher,H/Copenhagen/1998/ (41)}) 17. Nxb6 axb6 18. e5 Rd8 19. Qe3
Rxd1+ 20. Rxd1 Qa8 $10 {Schlosser,P-Leko,P Netteral 1992/}) 14... Rc8 $1 (14...
Nxd5 15. exd5 Ne5 (15... Na5 $6 16. Qe2 $1 Ba4 17. Rd4 $1 Bxd4 18. Nxd4 e5 19.
Qxe5 Re8 $6 (19... Nc4 $5 20. Qe2 Nd6 21. b3 Re8 22. Qd2 Bd7 23. Bb2 $14) 20.
Ne6 $1 $18 {1-0 Ribli,Z-Rogozenko,D/Odorheiu Secuiesc/1993/ (28)}) (15... Nb4
16. Qb3 a5 17. a3 Na6 18. Be3 $16) 16. Nd4 (16. Nxe5 Bxe5 17. Bh6 Bg7 18. Bxg7
Kxg7 19. Qc3+ Kg8 20. Qb4 $14) 16... Rc8 17. Qe4 Rc4 18. Bg5 Bf5 19. Nxf5 $1
Rxe4 20. Nxe7+ Kh8 21. Nxg6+ fxg6 22. Bxd8 {1/2-1/2 Ayapbergenov,A-Shmuter,L/
Volgograd/1994/ (34)}) 15. Bg5 {Galliamova tries a very ambitious setup, but
black pieces are well prepared to create enough counterplay.} (15. Qe2 Nxd5 (
15... Qe8 16. Nxb6 axb6 17. Be3 $16) 16. exd5 Na5 17. Ne5 Bf5 18. Bf4 $14)
15... Nxd5 (15... Bg4 16. Nxe7+ (16. Nf6+ $2 exf6 17. Rxd8 Nxd8 $19) (16. Qb3
Nxd5 17. exd5 $14) 16... Nxe7 17. Rxd8 Rxc2 18. Bxe7 Rxd8 19. Bxd8 Nc4 $15) 16.
exd5 Nd4 17. Qe4 Bf5 (17... Nxf3+ 18. Bxf3 f6 19. d6 $5 (19. Be3 f5 20. Qb4 $14
) 19... exd6 20. Be3 $14) 18. Qh4 Nxf3+ (18... Ne2+ 19. Kf1 f6 20. Bh6 $14) 19.
Bxf3 Qa5 (19... f6 20. Be3 $14) (19... Re8 20. Rd2 Qa5 21. Bg2 Bf6 22. Qf4 $11)
20. Bxe7 Bxb2 21. d6 Qc3 $2 {[%mdl 256] Terrible mistake, black loses control
of the d8 square and enables white to swap the mighty bishop on the f5 square.}
(21... Bxa1 $5 22. Rxa1 (22. Bxf8 Rxf8 23. d7 (23. Rxa1 Qc3 $19) 23... Rd8 24.
Rxa1 Rxd7 $17) 22... Rfe8 23. Bxb7 Rc2 $15) 22. Be4 (22. Bxb7 Bxa1 23. Bxf8
Rxf8 24. d7 Bxd7 25. Rxd7 Qe1+ 26. Kg2 Qe6 27. Qa4 $14) 22... Bxe4 (22... Bxa1
23. Bxf5 gxf5 24. Bxf8 $18) 23. Qxe4 Rc4 (23... Bxa1 24. d7 Rfe8 (24... Rce8
25. Qh4 $16) 25. Qxb7 Bb2 26. Qxa7 $16) 24. Qe2 $1 {Nothing will be able to
stop the march of the white d pawn.} (24. Qxb7 Bxa1 25. Bxf8 Rd4 26. Bh6 Rxd1+
27. Kg2 f5 28. Qa8+ Kf7 29. Qxa7+ Ke6 30. Qe7+ Kd5 31. d7 $16) 24... Bxa1 25.
Bxf8 Rd4 26. d7 $1 Qc7 27. Rxd4 Bxd4 28. Qe8 Bxf2+ 29. Kg2 1-0

[Event "Yerevan zt 1.5"]
[Site "Yerevan"]
[Date "2000.06.14"]
[Round "8"]
[White "Sturua, Zurab"]
[Black "Aronian, Levon"]
[Result "1-0"]
[WhiteElo "2595"]
[BlackElo "2587"]
[Annotator "Ftacnik,L"]
[PlyCount "82"]
[EventDate "2000.06.07"]
[EventType "swiss"]
[EventRounds "9"]
[EventCountry "ARM"]
[SourceTitle "CBM 078"]
[Source "ChessBase"]
[SourceDate "2000.10.18"]
[SourceVersion "1"]
[SourceVersionDate "2000.10.18"]
[SourceQuality "1"]

1. d4 Nf6 2. c4 g6 3. g3 Bg7 4. Bg2 d5 5. cxd5 Nxd5 6. Nf3 O-O 7. O-O Nc6 8.
Nc3 Nb6 9. e3 Re8 10. d5 Na5 11. Nd4 Bd7 12. b4 Nac4 13. a4 a5 14. b5 Qc8 15.
Re1 e6 $5 {[%mdl 4] The opening line is a bit difficult for black due to the
cramped queenside, but with good play he should get enough counterplay.} 16.
Ra2 exd5 (16... e5 17. Nb3 c6 18. dxc6 bxc6 19. Nc5 Ra7 $11) 17. Nxd5 Bg4 (
17... Nxd5 18. Bxd5 Nb6 19. Bf3 c5 20. bxc6 bxc6 $13) 18. Nxb6 Nxb6 (18... cxb6
19. Qd3 Ne5 20. Qb1 Qd7 $13) 19. Qd3 Be6 (19... Bh3 20. Bh1) 20. Nxe6 $1 (20.
Ra1 Bd5 $15) 20... Qxe6 (20... Rxe6 21. Qc2 $14) 21. Rc2 Rad8 (21... Nxa4 22.
Rxc7 Re7 23. Bxb7 Rxc7 24. Bxa8 $14) 22. Qa3 Rd7 $2 {Aronian believes, that
the strong pressure along the d file will give him enough compensation for the
sacrificed pawn. With 22...Bf8 he could have reached simple equality.} (22...
Bf8 23. Qa2 Qxa2 24. Rxa2 Bb4 25. Rf1 Nd5 $11) 23. Bxb7 Red8 24. Kg2 (24. Bg2
Qg4 25. f4 Rd1 26. Rf1 R8d7 $13) 24... h5 $6 (24... Rd3 25. Qa2 Bc3 $14) 25.
Qa2 Qxa2 26. Rxa2 Rd1 27. Rxd1 Rxd1 28. Rc2 $1 (28. Bd2 $2 Nc4 $17) 28... Nxa4
29. Bd2 (29. Rxc7 $2 Nc3 $11) 29... Rb1 (29... Be5 30. Bxa5 Rd7 31. f4 $16) 30.
Bc6 Bf8 (30... Nb6 31. Bxa5 Ra1 32. Bxb6 cxb6 33. Rd2 Bc3 34. Rd7 $18) 31. Bxa5
{Black has lost the war, Sturua enjoys two bishops and a spare pawn.} Nb6 (
31... Bd6 32. Ra2 Nb6 33. Bc3 $18) 32. Be8 Bd6 33. Bxb6 cxb6 34. Rc6 Bc5 35.
Rc7 Rb2 (35... f6 36. Bxg6 Rxb5 37. Bxh5 $18) 36. Bxf7+ Kg7 (36... Kf8 37. Kf3
$18) 37. Kf3 Rd2 38. Be8+ Kh6 39. Rc6 Rd6 40. Ke4 Kg7 (40... Rxc6 41. bxc6 Bd6
42. Kd5 $18) 41. f4 Kf6 (41... Kf6 42. Bxg6 $1 Kxg6 43. Ke5 Rxc6 44. bxc6 $18)
1-0

[Event "RUS-chT 17th"]
[Site "Dagomys"]
[Date "2010.04.10"]
[Round "9"]
[White "Wang, Hao"]
[Black "Evdokimov, Alexander A"]
[Result "1-0"]
[WhiteElo "2715"]
[BlackElo "2564"]
[Annotator "Ftacnik,L"]
[PlyCount "73"]
[EventDate "2010.04.01"]
[EventType "team-tourn"]
[EventRounds "9"]
[EventCountry "RUS"]
[SourceTitle "EXT 2020"]
[Source "ChessBase"]
[SourceDate "2019.10.17"]
[SourceVersion "1"]
[SourceVersionDate "2019.10.17"]
[SourceQuality "1"]
[WhiteTeam "Moscow ShSM-64"]
[BlackTeam "Saratov Ekonomist SGSEU II"]
[WhiteTeamCountry "RUS"]
[BlackTeamCountry "RUS"]

1. d4 Nf6 2. c4 g6 3. Nf3 Bg7 4. g3 O-O 5. Bg2 d5 6. cxd5 Nxd5 7. O-O Nb6 8.
Nc3 Nc6 9. e3 Re8 10. Re1 e5 11. d5 Na5 12. e4 c6 13. b3 cxd5 14. exd5 Bg4 {
The first critical position in a very sharp line of the Gruenfeld Defence.
Black would love to benefit from White's temporary vulnerability along the
a1-h8 diagonal, but the tactics favour the first player. Despite that the 14...
e4!? advance represents an attractive solution.} (14... e4 $5 15. Nxe4 Rxe4 (
15... Nxd5 16. Bg5 f6 17. Bd2 Nc6 18. Rc1 Bf5 (18... Bg4 19. Nc5 Qb6 (19... Ne5
20. Nxb7 Qb6 21. Nxe5 {1-0 Sebenik,M (2482)-Jelen,I (2384)/Otocec 2009} Bxd1
22. Bxd5+ Qe6 23. Bxe6+ Rxe6 24. Rexd1 $18) 20. h3 Bxf3 21. Qxf3 Ndb4 22. a3
Rxe1+ 23. Bxe1 Nd4 24. Qxb7 Re8 25. Kf1 Nbc2 26. Bd5+ Kh8 27. Qxb6 axb6 28. Ne6
$16 {1-0 Zubarev,A (2511)-Mingachev,M (2402)/Nabereznye Chelny 2007 (44)}) (
18... Ndb4 19. Nd4 Qxd4 20. Nxf6+ Bxf6 21. Rxe8+ Kg7 22. Bxb4 Qxd1+ 23. Rxd1
Nxb4 24. Rc1 $18) 19. Nh4 Bc8 20. Bh6 Ne5 21. Qxd5+ Qxd5 22. Nxf6+ Bxf6 23.
Bxd5+ Be6 24. Bxe6+ Rxe6 25. f4 $16 {1-0 Tkachiev,V (2661)-Mikhalevski,V (2584)
/Ajaccio 2007 (45)}) 16. Rxe4 Bxa1 17. Bd2 (17. Bg5 Bf6 18. Bxf6 Qxf6 19. Re8+
Kg7 20. Qe1 Bg4 21. Rxa8 Nxa8 22. Ne5 Bf5 23. b4 Nc7 24. bxa5 $16 {1/2-1/2
Gelfand,B (2750)-Nepomniachtchi,I (2656)/Dagomys 2010 (32)}) 17... Bf5 18. Re1
Bf6 19. Bxa5 Qxd5 20. Qxd5 Nxd5 21. Nd2 (21. Nd4 Bxd4 22. Bxd5 Rc8 23. Rd1 Bh3
24. Be1 Bb6 25. Bxb7 Rc2 26. a4 $14 {1/2-1/2 Maletin,P (2585)-Ozolin,M (2383)/
Dagomys 2010 (42)}) 21... Bc3 22. Bxc3 Nxc3 23. Nc4 Nxa2 24. Nd6 Be6 25. Nxb7
Rc8 {1/2-1/2 Gagunashvili,M (2591)-Sutovsky,E (2607)/Rishon Le Ziyyon 2006 (32)
}) 15. Ba3 (15. Bg5 f6 (15... Qxg5 16. Nxg5 Bxd1 17. Raxd1 Rac8 $13) 16. Bd2 f5
$15) 15... e4 {It is difficult to guess, why the black player has failed to
discover the move 15...Rc8!? with the potential to bring equality of chances.}
(15... Rc8 $5 16. Ne4 Nxd5 17. h3 (17. Nd6 Nc3) 17... Be6 18. Nd6 e4 $11) (
15... f5 16. Bb4 Nd7 (16... e4 17. Bxa5 Qd6 18. Rb1 exf3 19. Bf1 a6 20. Re6
Rxe6 21. dxe6 Qc6 22. e7 Re8 23. Bxb6 Bxc3 24. Bd4 Bxd4 25. Qxd4 {1/2-1/2
Caruana,F (2675)-Dominguez Perez,L (2712)/Wijk aan Zee 2010 (58)}) 17. Qd2 Bxf3
18. Bxf3 Bf8 19. d6 Nc6 20. Ba3 Nd4 21. Bxb7 Qa5 22. Bb2 Rab8 23. Bg2 Bxd6 24.
Rad1 {1/2-1/2 Asis Gargatagli,H (2374)-Kalod,R (2486)/Sabadell 2007 (40)}) 16.
Nxe4 Qxd5 (16... Bxa1 $2 17. Qxa1 Nxd5 18. Ne5 Be6 19. Nd6 $18) (16... Nxd5 17.
Rc1 Nc6 18. Nd6 Rxe1+ 19. Qxe1 Rb8 20. Nxb7 Rxb7 21. Rxc6 Rd7 22. h3 Nc3 23.
Kh2 Bxf3 24. Bxf3 Nb5 25. Qc1 Qe8 26. Rc8 Rd8 27. Bc6 Rxc8 28. Bxe8 Rxc1 29.
Bxc1 {1-0 Navara,D (2654)-Ivanchuk,V (2746)/Prague 2009 (51)}) 17. Qxd5 Nxd5
18. Rac1 Nc6 {After the skirmish in the centre Black is left with the
unenviable task of balancing the pressure exerted by White's active pieces.} (
18... Rac8 19. Rxc8 Rxc8 20. Nd6 $16) (18... Red8 19. Red1 Nc6 20. Nc5 Nd4 21.
Rxd4 Bxf3 22. Rd3 Bxg2 23. Kxg2 b6 24. Rcd1 bxc5 25. Rxd5 Bd4 26. Rxd8+ Rxd8
27. Bxc5 {1-0 Martinovic,S (2483)-Getz,N (2270)/Rijeka 2009}) 19. Nd6 Rxe1+ 20.
Rxe1 Ndb4 (20... Bc3 21. Re4 (21. Rd1 Ndb4 22. h3 Be6 23. Nxb7 $14) 21... Bd7
22. Ng5 Bf6 23. Re1 $16) (20... Bf8 21. Ng5 (21. Nxf7 Bxa3 22. Nh6+ Kg7 23.
Nxg4 $16) 21... Ndb4 22. Bxb4 Nxb4 23. Ndxf7 h6 24. Ne5 Bf5 25. Ngf3 Re8 {
1/2-1/2 Shankland,S (2486)-Csiba,D (2329)/Budapest 2009 (54)} 26. Nd4 Bc8 27.
a3 Bc5 28. Re4 $16) 21. Bxb4 Nxb4 22. Ng5 Nxa2 {[%mdl 2048] It may well be the
fact, that there is no satisfactory solution for Black. The model game from
2007 offers only scant consolation.} (22... f6 23. Bxb7 Rb8 24. Ngf7 $2 (24.
Re4 $1 fxg5 25. Rxb4 Rd8 (25... Be6 26. Re4 Bh3 27. Re7 Bf8 28. Bd5+ Kh8 29.
Nf7+ Kg7 30. Rc7 $16) 26. Rxg4 Rxd6 27. Rxg5 Rd2 28. Rd5 Rxa2 29. Rd7 $16)
24... Nxa2 $1 (24... Rxb7 25. Re8+ Bf8 26. Nh6+ Kg7 27. Nxb7 Bd7 28. Rd8 Be6
29. h3 $16) 25. Re7 (25. f3 Bh3 26. Bd5 Nb4 27. Bc4 Kf8 $11) 25... Bf8 $2 (
25... Kf8 $1 26. Re3 (26. Rc7 Be6 27. Ba6 Bxb3 $15) 26... Bd7 27. Bd5 Nb4 $11)
26. Nh6+ $1 Kh8 27. Ndf7+ Kg7 28. Rc7 {1-0 Tkachiev,V (2652)-Iordachescu,V 
(2587)/Dresden 2007/ (36)}) 23. Bxb7 Rf8 (23... Rb8 24. Bd5 Bf6 25. Ngxf7 Kf8
26. Bc4 (26. Ne5 Bxe5 27. Rxe5 Nb4 28. Bc4 Rd8 29. Re4 Bh3 30. Rh4 Rxd6 31.
Rxh3 Kg7 32. Rh4 $16) 26... Nb4 27. Ne4 $16) 24. Bd5 {The pressure against the
f7 spot is more important than Black's bishop pair.} h6 (24... Bf6 25. Ngxf7
Nb4 26. Bc4 $18) 25. Ndxf7 hxg5 (25... Nc3 26. Nxh6+ Kh8 27. Nxg4 Nxd5 28. Re6
$18) 26. Nh6+ Kh7 27. Nxg4 Nb4 28. Bc4 a5 {The small chance for the defender
is tied to the presence of the bishops of opposite colours, but Wang Hao's
pieces are very well coordinated.} (28... Nc6 29. Re6 Nd4 30. Ra6 Rb8 31. Rxa7
Nxb3 32. Kg2 $16) 29. Re7 Nc6 30. Rc7 Nd4 31. Ra7 Rf5 (31... Nc6 32. Rb7 Nd4
33. Kg2 $16) 32. Kg2 Nc6 33. Ra8 Bd4 34. Bd3 Rc5 (34... Rf7 35. Ra6 Ne5 36.
Nxe5 Rxf2+ 37. Kh3 Bxe5 38. Rxg6 Kh8 39. Rxg5 $16) 35. Be4 {Evdokimov will not
be able to defend against all threats.} Ne7 (35... Kg7 36. Bxc6 Rxc6 37. Rxa5
$18) 36. Ra7 Re5 37. Bxg6+ $1 (37. Bxg6+ $1 Kg7 38. Rb7 Rc5 39. Bh5 $18) 1-0